000 00642nam a2200205 i 4500
001 53372
003 ES-MaACL
005 20230906162743.0
007 t|
008 950921m18381845sp ||||1| spa d
040 _aCAM
_bspa
_cCAM
100 1 _aEscriche, Joaquín.
_947647
245 1 0 _aDiccionario razonado de legislación y jurisprudencia /
_cpor Joaquín Escriche.
250 _a2ª ed. corr. y aum.
260 _aMadrid :
_b[s.n.],
_c1838-1845 (
_fImp. del Colegio Nacional de Sordo-Mudos)
300 _a3 v. ;
_c31 cm.
650 0 4 _aDerecho-
_vDiccionarios.
_911610
852 _aES-MaACL
_jG-5760-2
852 _aES-MaACL
_jB-9458-60
999 _c53372
_d53372